[Event "33rd Leon Blitz Open 2020"]
[Site "chess.com INT"]
[Date "2020.07.14"]
[Round "10"]
[White "Gabriel, Robert"]
[Black "Sarkar, Justin"]
[Result "0-1"]
[WhiteTitle "FM"]
[BlackTitle "IM"]
[WhiteElo "2236"]
[BlackElo "2380"]
[WhiteFideId "4606477"]
[BlackFideId "2010011"]
[EventDate "2020.07.14"]
[EventType "blitz"]

1. d4 d5 2. Nf3 Nf6 3. c4 e6 4. Nc3 c5 5. cxd5 Nxd5 6. e3 Nc6 7. Bd3 Be7 8. O-O
cxd4 9. exd4 O-O 10. Re1 Bf6 11. Nxd5 Qxd5 12. Be4 Qd6 13. Ne5 Nxd4 14. Ng4 Be7
15. Nh6+ gxh6 16. Bxh6 f5 17. Bxf8 Bxf8 18. Bf3 Bg7 19. Qd3 e5 20. Bd1 e4 21.
Bb3+ Kh8 22. Qc4 Be6 23. Qf1 Nxb3 24. axb3 Bxb3 25. Qb5 Qd5 26. Qb4 a5 27. Qe7
Qf7 28. Qc5 a4 29. Rac1 Bxb2 30. Rb1 a3 31. h4 a2 32. Rxb2 a1=Q 33. Rxa1 Rxa1+
34. Kh2 Ra8 35. Rxb3 Qxb3 36. Qxf5 Qg8 37. Qxe4 Qg7 38. g4 Rf8 39. f3 b5 40. h5
Qc7+ 41. Kh3 Qf4 0-1

[Event "33rd Leon Blitz Open 2020"]
[Site "chess.com INT"]
[Date "2020.07.14"]
[Round "10"]
[White "Sharmin, Samiha Shimmi"]
[Black "Li, Hui"]
[Result "1-0"]
[WhiteTitle "WCM"]
[BlackTitle "CM"]
[WhiteElo "1812"]
[BlackElo "1985"]
[WhiteFideId "10203087"]
[BlackFideId "15400310"]
[EventDate "2020.07.14"]
[EventType "blitz"]

1. e4 c5 2. Nf3 d6 3. d4 cxd4 4. Nxd4 Nf6 5. Nc3 e6 6. Be2 a6 7. Be3 Be7 8. O-O
O-O 9. f4 Qc7 10. Kh1 b5 11. a3 Bb7 12. Bd3 Nc6 13. Qe1 Rfe8 14. Qg3 Bf8 15. Qh3
Nxd4 16. Bxd4 e5 17. Be3 g6 18. f5 Bg7 19. Bh6 Bh8 20. Bg5 Rf8 21. Qh4 Nh5 22.
f6 Qd8 23. Rae1 h6 24. Bxh6 Bxf6 25. Qh3 Nf4 26. Bxf4 exf4 27. Rxf4 Bg7 28. Ref1
Qg5 29. Rg4 Qc5 30. Qf3 Rae8 31. Ne2 Qe5 32. Ng3 a5 33. Rf4 b4 34. axb4 axb4 35.
Bc4 d5 36. Bxd5 Bxd5 37. exd5 Qxb2 38. Ne4 f5 39. Ng5 Qc3 40. Qf2 Qc8 41. Qh4
Rf6 42. Qh7+ Kf8 43. Ne6+ Rexe6 44. dxe6 Qxe6 45. Rd1 Qe8 46. Rfd4 1-0

[Event "33rd Leon Blitz Open 2020"]
[Site "chess.com INT"]
[Date "2020.07.14"]
[Round "10"]
[White "Mogirzan, Matei-Valeriu"]
[Black "Piesik, Piotr"]
[Result "0-1"]
[WhiteTitle "CM"]
[BlackTitle "IM"]
[WhiteElo "1813"]
[BlackElo "2418"]
[WhiteFideId "1257455"]
[BlackFideId "1136194"]
[EventDate "2020.07.14"]
[EventType "blitz"]

1. e4 g6 2. d4 Bg7 3. Nc3 c6 4. f3 d5 5. e5 f6 6. Bf4 Nd7 7. e6 Nf8 8. Bd3 Nxe6
9. Bg3 Nxd4 10. h4 Bf5 11. Bf2 Bxd3 12. Qxd3 Nf5 13. g4 Nd6 14. h5 Kf7 15. O-O-O
e5 16. Nxd5 Nb5 17. Qc4 Bh6+ 18. Kb1 Kg7 19. Nh3 Nd6 20. Qc5 Nf7 21. Nc3 Qe8 22.
Ne4 Ne7 23. f4 b6 24. Qc3 Nd5 25. Qf3 Nxf4 26. Nxf4 Bxf4 27. h6+ Nxh6 28. Nxf6
Kxf6 29. Rxh6 Kg7 30. Rhh1 Qe6 31. Rhe1 Rhf8 32. Be3 Rae8 33. Bxf4 Rxf4 34. Qc3
Kg8 35. g5 e4 36. Qe3 Rf3 37. Qe2 Rf5 38. Qh2 Rxg5 39. Qh4 Rd5 40. Rc1 e3 41.
Rh1 Rh5 42. Qf4 Rxh1 43. Rxh1 e2 44. Re1 Rf8 45. Qc1 Rf2 46. Qd2 Rf1 47. Kc1
Rxe1+ 48. Qxe1 Qe3+ 49. Kb1 Qf3 50. Kc1 Qf4+ 51. Kb1 Qf1 0-1

[Event "33rd Leon Blitz Open 2020"]
[Site "chess.com INT"]
[Date "2020.07.14"]
[Round "10"]
[White "Vlassov, Nikolai"]
[Black "Aslanov, Umid"]
[Result "1-0"]
[WhiteTitle "IM"]
[BlackTitle "CM"]
[WhiteElo "2352"]
[BlackElo "2019"]
[WhiteFideId "4103360"]
[BlackFideId "13412620"]
[EventDate "2020.07.14"]
[EventType "blitz"]

1. e4 c5 2. c3 Nf6 3. e5 Nd5 4. d4 cxd4 5. cxd4 d6 6. Bc4 Nb6 7. Bb3 Nc6 8. e6
fxe6 9. Nf3 d5 10. O-O Nd7 11. Nc3 Nf6 12. Re1 g6 13. Ng5 Bg7 14. Nxe6 Bxe6 15.
Rxe6 O-O 16. Bg5 Kh8 17. Bxf6 Rxf6 18. Bxd5 Rxe6 19. Bxe6 Nxd4 20. Bd5 Qd6 21.
Qd3 Rf8 22. Rd1 e6 23. Bxb7 Qb6 24. Ba6 Qxb2 25. Ne4 Qxa2 26. h4 Qc2 27. Qxc2
Nxc2 28. Rd7 Nb4 29. Bc4 a5 30. Bxe6 h6 31. Bf7 Kh7 32. h5 g5 33. Ra7 Nc6 34.
Bg6+ Kh8 35. Ra6 Rc8 36. Bf5 Nb4 37. Bxc8 Nxa6 38. Bxa6 a4 39. Bc4 a3 40. Kf1
Bb2 41. Ke2 Kg7 42. Kf3 Kf8 43. Kg4 Ke7 44. Kf5 Kd7 45. Kg6 Kc6 46. Kxh6 Kb6 47.
Kg6 Ka5 48. h6 Kb4 49. Ba2 Bd4 50. h7 Bh8 51. Nxg5 Kc3 52. Nf7 Bd4 53. f4 Kb2
54. Bd5 a2 55. Bxa2 Kxa2 1-0

[Event "33rd Leon Blitz Open 2020"]
[Site "chess.com INT"]
[Date "2020.07.14"]
[Round "10"]
[White "Zvereva, Margarita"]
[Black "Castillo Pena, Patricia Evarista"]
[Result "1-0"]
[WhiteTitle "WFM"]
[BlackTitle "WCM"]
[WhiteElo "1929"]
[BlackElo "1770"]
[WhiteFideId "34177741"]
[BlackFideId "6412106"]
[EventDate "2020.07.14"]
[EventType "blitz"]

1. e4 c5 2. Nf3 d6 3. d4 cxd4 4. Nxd4 Nf6 5. Nc3 a6 6. Be2 e5 7. Nb3 Be6 8. O-O
Be7 9. Be3 O-O 10. Qd3 Nbd7 11. Nd5 Bxd5 12. exd5 b5 13. a4 Nb6 14. axb5 Nbxd5
15. bxa6 Nb4 16. Qc4 d5 17. Qb5 d4 18. Bd2 Nxc2 19. Ra2 Rb8 20. Qa4 d3 21. Bd1
Qb6 22. Nc1 e4 23. Bxc2 dxc2 24. Qxc2 Rfc8 25. Qa4 Bc5 26. Qa5 Qa7 27. b4 Bb6
28. Qa3 Ng4 29. Bf4 Ra8 30. Bg3 e3 31. fxe3 Nxe3 32. Qb3 Nxf1+ 33. Kxf1 Rxc1+
34. Ke2 Qe7+ 35. Kf3 Qf6+ 36. Ke2 Re8+ 37. Kd2 Qg5+ 38. Kd3 Rd8+ 39. Ke4 Qg6+
40. Kf3 Rf1+ 41. Ke2 Qf5 42. a7 Re8+ 43. Kd2 Qd7+ 44. Kc2 Rc8+ 45. Kb2 Bxa7 46.
Qa4 Bd4+ 47. Kb3 Qxa4+ 48. Rxa4 Ra8 49. Rxa8# 1-0

[Event "33rd Leon Blitz Open 2020"]
[Site "chess.com INT"]
[Date "2020.07.14"]
[Round "10"]
[White "Rom, Jasper"]
[Black "Serreau, David"]
[Result "1-0"]
[BlackTitle "CM"]
[WhiteElo "2202"]
[BlackElo "2155"]
[WhiteFideId "2023733"]
[BlackFideId "631957"]
[EventDate "2020.07.14"]
[EventType "blitz"]

1. e4 c5 2. Nc3 e6 3. f4 d5 4. d3 dxe4 5. dxe4 Qxd1+ 6. Nxd1 Nf6 7. Nf2 Be7 8.
g4 Nc6 9. c3 Bd7 10. Bg2 O-O-O 11. Ne2 h6 12. Be3 b6 13. h4 Na5 14. b3 Bc6 15.
O-O h5 16. g5 Ng4 17. Bc1 f5 18. Ng3 g6 19. Re1 Rd7 20. exf5 exf5 21. Bxc6 Nxc6
22. Re6 Rd6 23. Re2 Rhd8 24. Bb2 Nxf2 25. Kxf2 Rd2 26. Re1 c4 27. b4 b5 28. Nf1
Rxe2+ 29. Rxe2 Rd3 30. Re3 Rd5 31. Re6 Rd6 32. Re2 Kd7 33. Bc1 Rd3 34. Re3 Bd6
35. Rxd3 cxd3 36. Ke3 a5 37. a3 axb4 38. axb4 Ke6 39. Kxd3 Kd5 40. Ne3+ Ke6 41.
Nc2 Kd5 42. Na3 Na7 43. Be3 Nc6 44. Nxb5 Bb8 45. c4+ Ke6 46. Nd4+ Nxd4 47. Kxd4
Ba7+ 48. c5 1-0

[Event "33rd Leon Blitz Open 2020"]
[Site "chess.com INT"]
[Date "2020.07.14"]
[Round "10"]
[White "Hoffmann, Asa"]
[Black "Leiva, Giuseppe"]
[Result "0-1"]
[WhiteTitle "FM"]
[BlackTitle "IM"]
[WhiteElo "2185"]
[BlackElo "2391"]
[WhiteFideId "2001470"]
[BlackFideId "3804399"]
[EventDate "2020.07.14"]
[EventType "blitz"]

1. d4 Nf6 2. Bg5 Ne4 3. Bf4 d5 4. f3 Nf6 5. e4 c5 6. e5 Nfd7 7. c3 Nc6 8. Be3
Qb6 9. Qd2 e6 10. f4 Be7 11. Nf3 O-O 12. Bd3 f5 13. O-O c4 14. Be2 a5 15. a4 Na7
16. Na3 Qd8 17. Rfb1 Nb6 18. b3 cxb3 19. Rxb3 Bd7 20. Nb5 Nxb5 21. Bxb5 Bxb5 22.
Rxb5 Qc7 23. Bf2 Nc4 24. Qd3 Ra6 25. Bh4 Bxh4 26. Nxh4 Rb6 27. Rab1 Rxb5 28.
Rxb5 Ra8 29. Nf3 Ra6 30. h3 Rb6 31. Rc5 Qd7 32. g4 fxg4 33. hxg4 h6 34. Qg6 Rc6
35. g5 Rxc5 36. dxc5 Qf7 37. Qxf7+ Kxf7 38. gxh6 gxh6 39. Nd4 Nb2 40. c6 bxc6
41. Nxc6 Nxa4 42. Nxa5 Nxc3 43. Kf2 Kg6 44. Nc6 Ne4+ 45. Kf3 Nd2+ 46. Ke3 Nc4+
47. Kd4 Kf5 48. Nd8 h5 49. Nf7 Kxf4 50. Kd3 Nxe5+ 51. Nxe5 Kxe5 0-1

[Event "33rd Leon Blitz Open 2020"]
[Site "chess.com INT"]
[Date "2020.07.14"]
[Round "10"]
[White "Suvrajit, Saha"]
[Black "Eswaran, Aksithi"]
[Result "1-0"]
[WhiteTitle "IM"]
[BlackTitle "WCM"]
[WhiteElo "2198"]
[BlackElo "1745"]
[WhiteFideId "5002532"]
[BlackFideId "2083485"]
[EventDate "2020.07.14"]
[EventType "blitz"]

1. d4 d5 2. c4 c6 3. Nf3 Nf6 4. Nc3 e6 5. Qb3 Bd6 6. Bg5 O-O 7. e3 h6 8. Bh4
Nbd7 9. Bd3 Qc7 10. cxd5 exd5 11. Rc1 Re8 12. O-O a6 13. Rfd1 Qb8 14. a4 Ne4 15.
Nxe4 dxe4 16. Bc4 Rf8 17. Nd2 Bxh2+ 18. Kh1 g5 19. Bxg5 hxg5 20. Nxe4 Kg7 21.
Nxg5 Rh8 22. Nh3 Nf6 23. Bxf7 Bxh3 24. gxh3 Rxh3 25. Qe6 Qc8 26. Kg2 Qxe6 27.
Bxe6 Rh7 28. Bf5 Rh6 29. f4 Rah8 30. Rh1 Kf7 31. Rce1 Rg8+ 32. Kf3 Rg3+ 33. Ke2
Rg2+ 34. Kd3 Rxb2 35. Rb1 Rxb1 36. Rxb1 Nd5 37. Rxb7+ Kf6 38. Be4 Rh3 39. Bxd5
cxd5 40. Rb6+ Kf5 41. Rd6 Bg1 42. Rxd5+ Kg4 43. Rg5+ Kf3 44. Rxg1 Kf2 45. Rg6
Rxe3+ 46. Kc4 Rf3 47. Rf6 a5 48. d5 Ke3 49. Kb5 Ke4 50. d6 Rd3 51. Kxa5 Rd5+ 52.
Kb6 Rd4 53. a5 Kd5 54. a6 Kc4 55. a7 1-0

[Event "33rd Leon Blitz Open 2020"]
[Site "chess.com INT"]
[Date "2020.07.14"]
[Round "10"]
[White "Sukandar, Irine Kharisma"]
[Black "Singgih, Diajeng Theresa"]
[Result "0-1"]
[WhiteTitle "IM"]
[BlackTitle "WFM"]
[WhiteElo "2413"]
[BlackElo "1972"]
[WhiteFideId "7101937"]
[BlackFideId "7104391"]
[EventDate "2020.07.14"]
[EventType "blitz"]

1. d4 d5 2. Bf4 e6 3. e3 Bd6 4. Bg3 Nf6 5. Nd2 O-O 6. Bd3 b6 7. c3 Bb7 8. Qe2
Ne4 9. Ngf3 c5 10. Ne5 f6 11. Nef3 Qe7 12. Bxd6 Qxd6 13. O-O Nxd2 14. Nxd2 e5
15. Qh5 e4 16. Bc2 Nd7 17. Rad1 c4 18. f3 f5 19. fxe4 fxe4 20. Rxf8+ Rxf8 21.
Rf1 Nf6 22. Qh4 b5 23. a3 a5 24. Bd1 b4 25. axb4 axb4 26. Bg4 Kh8 27. Bf5 Bc8
28. Bxc8 Rxc8 29. h3 Ra8 30. Qg5 Ra2 31. Qe5 Qd8 32. cxb4 Rxb2 33. Rf2 c3 34.
Nf1 c2 35. Rxc2 Rxc2 36. g4 h6 37. b5 Rb2 38. h4 Nxg4 39. Qg3 h5 40. Qf4 Rxb5
41. Qf5 Nf6 42. Ng3 Qb8 43. Kg2 Rb2+ 44. Kh3 Rc2 45. Qg6 Qb1 0-1

[Event "33rd Leon Blitz Open 2020"]
[Site "chess.com INT"]
[Date "2020.07.14"]
[Round "10"]
[White "Lysyj, Igor"]
[Black "Bodnaruk, Anastasia"]
[Result "0-1"]
[WhiteTitle "GM"]
[BlackTitle "IM"]
[WhiteElo "2594"]
[BlackElo "2411"]
[WhiteFideId "4150120"]
[BlackFideId "4181751"]
[EventDate "2020.07.14"]
[EventType "blitz"]

1. d4 Nf6 2. Nf3 g6 3. e3 Bg7 4. Be2 O-O 5. O-O d5 6. b4 a5 7. b5 c5 8. bxc6
Nxc6 9. Ba3 Bf5 10. Nbd2 Rc8 11. c4 Nb4 12. Bxb4 axb4 13. Qb3 Qa5 14. a3 bxa3
15. Rxa3 Qc7 16. cxd5 Bc2 17. Qa2 Bf5 18. Ra7 Rfd8 19. Bc4 Rd6 20. Ne5 Bh6 21.
h3 Rcd8 22. Ra8 Bc8 23. Bb3 b5 24. Nc6 Re8 25. Rc1 Bb7 26. Rxe8+ Nxe8 27. Ne4
Rd8 28. Rc5 Ra8 29. Qb2 Qd7 30. Ne5 Qd8 31. Rxb5 Ba6 32. Rc5 Nd6 33. Nc6 Qd7 34.
Nxd6 exd6 35. Ra5 Qb7 36. Qa2 Kg7 37. g3 Bg5 38. Kg2 h5 39. h4 Bf6 40. Bd1 Qb6
41. Be2 Bxe2 42. Rxa8 Qb5 43. Ra5 Qd3 44. Qb2 Qe4+ 45. Kg1 Qg4 46. Ra3 Bf3 47.
Kf1 Qh3+ 48. Ke1 Qg2 49. Qc3 Qg1+ 50. Kd2 Qd1# 0-1

[Event "33rd Leon Blitz Open 2020"]
[Site "chess.com INT"]
[Date "2020.07.14"]
[Round "10"]
[White "Bethke, Richard"]
[Black "Nguyen, Hong Anh"]
[Result "0-1"]
[WhiteTitle "FM"]
[BlackTitle "WIM"]
[WhiteElo "2332"]
[BlackElo "1970"]
[WhiteFideId "12959243"]
[BlackFideId "12406732"]
[EventDate "2020.07.14"]
[EventType "blitz"]

1. e4 c5 2. Nf3 Nc6 3. d4 cxd4 4. Nxd4 g6 5. Be2 Bg7 6. Nb3 Nf6 7. Nc3 O-O 8.
O-O d6 9. Bg5 Be6 10. Re1 Rc8 11. Bf1 Ne5 12. Nd5 Bxd5 13. exd5 Nc4 14. Bxc4
Rxc4 15. c3 Re8 16. Qd3 b5 17. Nd2 Rc5 18. Bxf6 exf6 19. Rxe8+ Qxe8 20. Ne4 Rc7
21. Nxd6 Qd7 22. Nxb5 Rc5 23. c4 f5 24. Nc3 Be5 25. b4 Rc8 26. Re1 Qc7 27. Nb5
Bxh2+ 28. Kh1 Qf4 29. Nxa7 Rxc4 30. g3 Qxf2 31. Qxc4 Bxg3 32. Re8+ Kg7 33. Qe2
Qxa7 34. Re7 Qd4 35. Kg2 Bd6 36. Rd7 Qxd5+ 37. Kf1 Qh1+ 38. Kf2 Qh2+ 39. Ke1
Bg3+ 40. Kd2 Bf4+ 41. Kd3 Qg3+ 42. Kc4 h5 43. Qe7 Kh6 44. Qxf7 Kg5 45. Qe7+ Kg4
46. Qf6 g5 47. Rf7 Qg2 48. Qxf5+ Kh4 49. Qd3 Qc6+ 50. Kb3 Qe6+ 51. Qc4 Qe3+ 52.
Ka4 Kg3 53. Qb3 h4 54. Qxe3+ Bxe3 55. b5 h3 56. Rh7 h2 57. Ka5 g4 58. b6 Kg2 59.
b7 Bf4 60. Kb6 g3 61. a4 Kg1 62. a5 g2 63. Rxh2 Kxh2 64. a6 g1=Q+ 65. Kc6 Qa7
66. Kd7 Qxa6 67. Kc8 Qd6 0-1

[Event "33rd Leon Blitz Open 2020"]
[Site "chess.com INT"]
[Date "2020.07.14"]
[Round "10"]
[White "Srdanovic, Jovana"]
[Black "Seul, Georg"]
[Result "1-0"]
[WhiteTitle "WFM"]
[BlackTitle "IM"]
[WhiteElo "2070"]
[BlackElo "2372"]
[WhiteFideId "954810"]
[BlackFideId "4601653"]
[EventDate "2020.07.14"]
[EventType "blitz"]

1. e4 e5 2. Nf3 Nc6 3. d4 exd4 4. Bc4 Nf6 5. O-O Nxe4 6. Nc3 Nxc3 7. bxc3 Be7 8.
cxd4 d5 9. Bb5 Bd7 10. c4 dxc4 11. d5 Na5 12. Bxd7+ Qxd7 13. Ne5 Qb5 14. a4 Qa6
15. Qg4 O-O 16. Bb2 Bf6 17. f4 Rad8 18. Rad1 Rfe8 19. Qh5 Re7 20. Ba3 g6 21. Qh3
Ree8 22. Nxf7 Qb6+ 23. Kh1 Qb3 24. Qxb3 cxb3 25. Nxd8 Rxd8 26. Rd3 Nc4 27. Bb4
b2 28. Rb1 c6 29. Bc3 Bxc3 30. Rxc3 cxd5 31. Kg1 Kf7 32. Kf2 a6 33. Ke2 b5 34.
axb5 axb5 35. Kd3 Re8 36. Kd4 Re2 37. Kxd5 Rd2+ 38. Kc5 Rxg2 39. Kxb5 Nd6+ 40.
Kc6 Ne4 41. Rb3 Rxh2 42. R3xb2 Rh4 43. Rf1 Nf6 44. Rb7+ Kg8 45. Kd6 Nh5 46. Rc1
Rxf4 47. Rc8+ Rf8 48. Rcc7 Nf6 49. Rg7+ 1-0

[Event "33rd Leon Blitz Open 2020"]
[Site "chess.com INT"]
[Date "2020.07.14"]
[Round "10"]
[White "Aitbayev, Aslan"]
[Black "Grunberg, Mihai-Lucian"]
[Result "1/2-1/2"]
[WhiteTitle "IM"]
[BlackTitle "IM"]
[WhiteElo "2457"]
[BlackElo "2401"]
[WhiteFideId "13704613"]
[BlackFideId "1204149"]
[EventDate "2020.07.14"]
[EventType "blitz"]

1. e4 Nf6 2. e5 Nd5 3. d4 d6 4. Nf3 dxe5 5. Nxe5 c6 6. c4 Nb4 7. Be3 Bf5 8. Na3
Nd7 9. Nf3 e5 10. dxe5 Qa5 11. Qd2 O-O-O 12. Qc3 Nd3+ 13. Bxd3 Bb4 14. Bd2 Bxc3
15. Bxc3 Qxc3+ 16. bxc3 Bxd3 17. O-O-O Be2 18. Rde1 Bxf3 19. gxf3 Rhe8 20. f4
Nc5 21. Kc2 Nd3 22. Re3 Nxf4 23. Rg1 Ng6 24. Rge1 Re6 25. c5 Rd5 26. Nc4 Rxc5
27. Nd6+ Kc7 28. Nxf7 Re7 29. Ng5 Rexe5 30. Rxe5 Rxe5 31. Rxe5 Nxe5 32. f4 Ng4
33. h3 Nf6 34. Ne6+ Kd6 35. Nxg7 Kd5 36. Kd3 b5 37. Nf5 c5 38. Ne3+ Ke6 39. c4
b4 40. Kc2 Nh5 41. Nd5 Kf5 42. Ne7+ Kxf4 43. Nc6 a6 44. Nb8 a5 45. Nd7 Ke4 46.
Nxc5+ Kd4 47. Nb3+ Kxc4 48. Nxa5+ Kb5 49. Nb3 Nf4 50. h4 Ng2 51. Nd4+ Kc4 52.
Nf3 h5 53. Ne5+ Kd5 54. Nd3 Nxh4 55. Nf4+ Kc4 56. Nxh5 Nf3 57. Nf4 1/2-1/2

[Event "33rd Leon Blitz Open 2020"]
[Site "chess.com INT"]
[Date "2020.07.14"]
[Round "10"]
[White "Khanin, Semen"]
[Black "Maly, Alexey"]
[Result "1/2-1/2"]
[WhiteTitle "IM"]
[BlackTitle "IM"]
[WhiteElo "2482"]
[BlackElo "2371"]
[WhiteFideId "4111990"]
[BlackFideId "14103184"]
[EventDate "2020.07.14"]
[EventType "blitz"]

1. e4 c6 2. d4 d5 3. Nd2 dxe4 4. Nxe4 Bf5 5. Ng3 Bg6 6. h4 h6 7. Nf3 Nd7 8. h5
Bh7 9. Bd3 Bxd3 10. Qxd3 e6 11. Bd2 Ngf6 12. O-O-O Be7 13. Ne4 Nxe4 14. Qxe4 Nf6
15. Qe2 Qd5 16. c4 Qe4 17. Qxe4 Nxe4 18. Be3 f5 19. Rhe1 Rd8 20. g3 Bf6 21. Re2
Kf7 22. Bf4 Rhe8 23. Kc2 b5 24. b3 b4 25. Rd3 a5 26. Ne5+ Bxe5 27. Bxe5 Ra8 28.
a4 bxa3 29. Kb1 Red8 30. Ka2 Nf6 31. Bxf6 gxf6 32. Rde3 a4 33. b4 Rxd4 34. Rxe6
Rxc4 35. Re7+ Kg8 36. Rb7 Rd4 37. Kxa3 Rd3+ 38. Ka2 a3 39. Rc7 Rb8 40. Rxc6 Rxb4
41. Rxf6 Rf3 42. Rxh6 Rb2+ 43. Rxb2 axb2 44. Rg6+ Kh7 45. Kxb2 Rxf2+ 46. Kc3 Rh2
47. Rg5 Kh6 48. Rxf5 Rxh5 49. Rf3 Rd5 50. Kc4 Rd8 51. Rf5 Kg6 52. g4 Rd1 53. Rd5
Rxd5 54. Kxd5 Kg5 55. Kc6 Kxg4 1/2-1/2

[Event "33rd Leon Blitz Open 2020"]
[Site "chess.com INT"]
[Date "2020.07.14"]
[Round "10"]
[White "Chigaev, Maksim"]
[Black "Shimanov, Aleksandr"]
[Result "1-0"]
[WhiteTitle "GM"]
[BlackTitle "GM"]
[WhiteElo "2588"]
[BlackElo "2593"]
[WhiteFideId "4108116"]
[BlackFideId "4198603"]
[EventDate "2020.07.14"]
[EventType "blitz"]

1. e4 d5 2. exd5 Qxd5 3. Nc3 Qa5 4. d4 Nf6 5. Nf3 c6 6. Bc4 Bf5 7. Ne5 e6 8. g4
Bg6 9. h4 Nbd7 10. Nxd7 Nxd7 11. h5 Be4 12. O-O Bd5 13. Nxd5 cxd5 14. Bd3 Bd6
15. c3 Qc7 16. f4 g6 17. h6 f5 18. g5 Kf7 19. Kg2 Nb6 20. a4 Be7 21. Qe2 a6 22.
Re1 Qc6 23. a5 Nd7 24. Bc2 b5 25. axb6 Nxb6 26. Rxa6 Rxa6 27. Qxa6 Bd6 28. Qe2
Bc7 29. Bd3 Rb8 30. b3 Nc8 31. b4 Qd7 32. Be3 Nd6 33. Ra1 Bb6 34. Bd2 Qc6 35.
Qe5 Qc7 36. Qg7+ Ke8 37. Qg8+ Ke7 38. Qxh7+ Nf7 39. Qxg6 Kd6 40. Re1 Qe7 41.
Bxf5 Nd8 42. h7 Qf8 43. Bxe6 Kc7 44. Bg8 Ra8 45. h8=Q Ra2 46. Re2 1-0

[Event "33rd Leon Blitz Open 2020"]
[Site "chess.com INT"]
[Date "2020.07.14"]
[Round "10"]
[White "Vyatkin, Dmitry"]
[Black "Nguyen, Thi Thanh An"]
[Result "1-0"]
[WhiteTitle "FM"]
[BlackTitle "WGM"]
[WhiteElo "2362"]
[BlackElo "2285"]
[WhiteFideId "4171900"]
[BlackFideId "12400300"]
[EventDate "2020.07.14"]
[EventType "blitz"]

1. d4 d5 2. c4 e6 3. Nf3 c6 4. Nbd2 Nf6 5. g3 Nbd7 6. Bg2 Bd6 7. O-O O-O 8. Qc2
Re8 9. Rd1 Qe7 10. a3 e5 11. dxe5 Nxe5 12. cxd5 cxd5 13. Nxe5 Qxe5 14. e3 Qh5
15. Re1 Bh3 16. Nf1 Rac8 17. Qd3 Bf5 18. Qb5 Rc7 19. Bd2 a6 20. Qb6 Rd7 21. Bc3
Ne4 22. Bd4 Bh3 23. Rac1 Bxg2 24. Kxg2 Ng5 25. Nd2 Qh3+ 26. Kg1 h5 27. f4 h4 28.
fxg5 hxg3 29. Re2 gxh2+ 30. Kh1 Bg3 31. Rg2 Re6 32. Qb3 Rg6 33. Qd3 Re7 34. Nf1
Bd6 35. Qe2 Re4 36. Qf2 Rge6 37. Rc8+ Re8 38. Rxe8+ Rxe8 39. Bxg7 Kxg7 40. Qf6+
Kg8 41. g6 1-0

[Event "33rd Leon Blitz Open 2020"]
[Site "chess.com INT"]
[Date "2020.07.14"]
[Round "10"]
[White "Arencibia Monduy, Antonio"]
[Black "Eljanov, Pavel"]
[Result "0-1"]
[WhiteTitle "CM"]
[BlackTitle "GM"]
[WhiteElo "2148"]
[BlackElo "2672"]
[WhiteFideId "3507939"]
[BlackFideId "14102951"]
[EventDate "2020.07.14"]
[EventType "blitz"]

1. e4 c6 2. d4 d5 3. e5 Bf5 4. Nc3 e6 5. g4 Bg6 6. Nge2 c5 7. Be3 Nc6 8. f4 h5
9. f5 exf5 10. gxf5 Bxf5 11. Bg2 cxd4 12. Nxd4 Nxd4 13. Qxd4 Be6 14. Bxd5 Ne7
15. Bxe6 fxe6 16. Qa4+ Qd7 17. Qxd7+ Kxd7 18. O-O-O+ Ke8 19. Ne4 Nf5 20. Bc5 Rc8
21. Bxa7 Ra8 22. Bb6 Rxa2 23. Rd8+ Kf7 24. Kb1 Ra6 25. Rd7+ Kg8 26. Rxb7 Rh6 27.
Rg1 Be7 28. c3 Ra4 29. Rb8+ Kf7 30. Nc5 Rg4 31. Rf1 Bxc5 32. Bxc5 Rg2 33. Rb7+
Kg8 34. Rb8+ Kh7 35. h3 Rh2 36. Rf3 Rg6 37. Ka2 Rg3 38. Rxg3 Nxg3 39. Bd6 Rxh3
40. c4 Rh1 41. c5 Rc1 42. c6 Rxc6 43. b4 h4 44. b5 Rc2+ 45. Kb3 Rc1 46. Kb2 h3
47. Kxc1 h2 48. b6 h1=Q+ 49. Kb2 Qg2+ 50. Kb3 Qd5+ 51. Kb4 Ne4 52. b7 Kg6 53.
Ka3 Nxd6 54. exd6 Qxd6+ 0-1

[Event "33rd Leon Blitz Open 2020"]
[Site "chess.com INT"]
[Date "2020.07.14"]
[Round "10"]
[White "Rustemov, Alexander"]
[Black "Orozbaev, Eldiar"]
[Result "1/2-1/2"]
[WhiteTitle "GM"]
[BlackTitle "CM"]
[WhiteElo "2525"]
[BlackElo "1973"]
[WhiteFideId "4119002"]
[BlackFideId "13802240"]
[EventDate "2020.07.14"]
[EventType "blitz"]

1. d4 f5 2. g3 Nf6 3. Bg2 g6 4. c4 Bg7 5. Nc3 O-O 6. Nf3 d6 7. O-O c6 8. b3 e5
9. dxe5 dxe5 10. Ba3 Re8 11. Qxd8 Rxd8 12. e4 Nxe4 13. Nxe4 fxe4 14. Ng5 Bf5 15.
Rad1 Nd7 16. Nxe4 Nf6 17. Rxd8+ Rxd8 18. Be7 Rc8 19. Nxf6+ Kf7 20. Nxh7 Kxe7 21.
Rd1 Bh6 22. h4 Rd8 23. Rxd8 Kxd8 24. Ng5 Ke7 25. Ne4 Bxe4 26. Bxe4 Kf6 27. Kf1
g5 28. h5 g4 29. Bg6 Kg5 30. Ke2 Bf8 31. Kd3 Bc5 32. Ke2 Bd6 33. Be8 Kh6 34. f3
gxf3+ 35. Kxf3 e4+ 36. Kxe4 Bxg3 37. Kf5 Bd6 38. Ke6 Bb4 39. Kd7 Bc5 40. Kc7 b6
41. Kxc6 a5 42. Kb5 Be3 43. Bg6 Bd4 44. a3 Bf2 45. b4 axb4 46. axb4 Bg1 47. Kc6
Bf2 48. Kd5 Be3 49. Kc6 Bf2 50. Kb5 Be3 51. Be8 Bf2 52. Kc6 Be3 53. Bg6 Bd2 54.
c5 bxc5 55. b5 c4 56. b6 Bf4 57. b7 c3 58. Kd5 c2 59. Bxc2 Kxh5 60. Ke6 Bh2 61.
Kd7 Kh4 62. Kc8 Bg3 63. b8=Q Bxb8 1/2-1/2

[Event "33rd Leon Blitz Open 2020"]
[Site "chess.com INT"]
[Date "2020.07.14"]
[Round "10"]
[White "Swati, Mohota"]
[Black "Priyanka, K"]
[Result "0-1"]
[WhiteTitle "WFM"]
[BlackTitle "WIM"]
[WhiteElo "2027"]
[BlackElo "2218"]
[WhiteFideId "5006511"]
[BlackFideId "5082986"]
[EventDate "2020.07.14"]
[EventType "blitz"]

1. d4 Nf6 2. Nf3 g6 3. Bg5 Bg7 4. c3 Ne4 5. Bf4 d5 6. Nbd2 Nxd2 7. Qxd2 Nd7 8.
Bh6 Bf6 9. h4 e5 10. dxe5 Nxe5 11. Nxe5 Bxe5 12. Qe3 Qe7 13. O-O-O c6 14. f4 Bf6
15. Qxe7+ Kxe7 16. Bg5 Bf5 17. e3 h6 18. Bxf6+ Kxf6 19. Bd3 Rae8 20. Kd2 h5 21.
Rde1 Be4 22. Bxe4 Rxe4 23. Rh3 Rhe8 24. Rg3 c5 25. Rg5 d4 26. Rxc5 dxe3+ 27. Kd3
e2 28. Rc7 Re3+ 29. Kd2 Rg3 30. Rxb7 Rxg2 31. Rxa7 Rd8+ 32. Ke3 Rh2 33. Rxe2
Re8+ 34. Kd3 Rexe2 35. Ra6+ Kf5 36. Ra7 f6 37. a4 Rxb2 38. Ra5+ Kxf4 39. Ra6 Kf5
40. c4 Rxh4 41. c5 Rb3+ 42. Kc2 Rbb4 43. c6 Rxa4 44. Rb6 Rhb4 45. Rxb4 Rxb4 46.
Kc3 Rb6 47. Kd4 Rxc6 48. Ke3 h4 49. Kf3 Rc3+ 50. Kg2 Kg4 51. Kh2 Rc2+ 52. Kg1
Kf3 53. Kh1 Kg3 0-1